A How To Guide For Medical Students

This book discusses personal traits and rationale for any student considering a career in surgery. The authors review accomplishments as a medical student that are key components of beginning a surgical career, and highlight what makes a student competitive for a surgical program. While much of the...

Full description

Saved in:
Bibliographic Details
Corporate Author SpringerLink (Online service)
Other Authors Englesbe, Michael J. (Editor), Meyers, Michael O. (Editor)
Format Electronic eBook
LanguageEnglish
Published Cham : Springer International Publishing : Imprint: Springer, 2017.
SeriesSuccess in Academic Surgery,
Subjects
Online AccessFull text
ISBN9783319428970
ISSN2194-7481
DOI10.1007/978-3-319-42897-0
Physical DescriptionX, 172 p. 3 illus. online resource.

Cover

LEADER 00000nam a22000005i 4500
001 101396
003 CZ-ZlUTB
005 20251008112031.0
006 m o d
007 cr nn 008mamaa
008 161118s2017 gw | s |||| 0|eng d
999 |c 101396  |d 101396 
020 |a 9783319428970 
024 7 |a 10.1007/978-3-319-42897-0  |2 doi 
245 1 2 |a A How To Guide For Medical Students /  |c edited by Michael J. Englesbe, Michael O. Meyers. 
264 1 |a Cham :  |b Springer International Publishing :  |b Imprint: Springer,  |c 2017. 
300 |a X, 172 p. 3 illus.  |b online resource. 
336 |a text  |b txt  |2 rdacontent 
337 |a počítač  |b c  |2 rdamedia 
338 |a online zdroj  |b cr  |2 rdacarrier 
490 1 |a Success in Academic Surgery,  |x 2194-7481 
505 0 |a Part 1. Clinical Training and Making Sure Surgery is Right for You.- Part 2. Building a Portfolio for Success -- Part 3. The Residency Search and Match -- Part 4. Appendices. 
506 |a Plný text je dostupný pouze z IP adres počítačů Univerzity Tomáše Bati ve Zlíně nebo vzdáleným přístupem pro zaměstnance a studenty 
520 |a This book discusses personal traits and rationale for any student considering a career in surgery. The authors review accomplishments as a medical student that are key components of beginning a surgical career, and highlight what makes a student competitive for a surgical program. While much of the focus is on an academic career in surgery, sections are devoted to mentorship, research experience and personal experiences that lead to success and are relevant to anyone pursuing a surgery. The editors also focus on gender and work-life balance issues that are often perceived as barriers to a career in surgery. A How To Guide For Medical Students provides help to medical students interested in pursuing a career in surgery. The chapters also include key dates and sample application information for students to use as templates. 
650 0 |a Medicine. 
650 0 |a Surgery. 
650 0 |a Practice of medicine. 
650 0 |a Emergency medicine. 
655 7 |a elektronické knihy  |7 fd186907  |2 czenas 
655 9 |a electronic books  |2 eczenas 
700 1 |a Englesbe, Michael J.  |e editor. 
700 1 |a Meyers, Michael O.  |e editor. 
710 2 |a SpringerLink (Online service) 
776 0 8 |i Printed edition:  |z 9783319428956 
830 0 |a Success in Academic Surgery,  |x 2194-7481 
856 4 0 |u https://proxy.k.utb.cz/login?url=http://dx.doi.org/10.1007/978-3-319-42897-0 
942 |2 udc 
992 |c NTK-SpringerMED 
993 |x NEPOSILAT  |y EIZ